Online
Catalog

La modernización del Estado dominicano. (Record no. 15855)

MARC details
000 -CABECERA
campo de control de longitud fija 01860nam a2200265 u 4500
001 - NÚMERO DE CONTROL
campo de control 000016320
003 - IDENTIFICADOR DEL NÚMERO DE CONTROL
campo de control DO-SdBNP
005 - FECHA Y HORA DE LA ÚLTIMA TRANSACCIÓN
campo de control 20250307115123.0
008 - DATOS DE LONGITUD FIJA--INFORMACIÓN GENERAL
campo de control de longitud fija 090708s1990 dr ac r 001 0 spa d
040 ## - FUENTE DE LA CATALOGACIÓN
Centro catalogador/agencia de origen DO-SdBNP
Lengua de catalogación spa
Centro/agencia transcriptor BNPHU
082 #4 - NÚMERO DE LA CLASIFICACIÓN DECIMAL DEWEY
Número de clasificación 352.367
Número de documento/Ítem M828s
110 2# - ENTRADA PRINCIPAL--NOMBRE DE ENTIDAD CORPORATIVA
Nombre de entidad corporativa o nombre de jurisdicción como elemento de entrada Seminario ANJE
Fecha del congreso/reunión o de la firma de un tratado (1989 :
Sede del congreso/Lugar de la reunión Santo Domingo)
9 (RLIN) 36421
245 13 - MENCIÓN DE TÍTULO
Título La modernización del Estado dominicano.
260 ## - PUBLICACIÓN, DISTRIBUCIÓN, ETC.
Lugar de publicación, distribución, etc. Santo Domingo :
Nombre del editor, distribuidor, etc. ANJE,
Fecha de publicación, distribución, etc. 1990.
300 ## - DESCRIPCIÓN FÍSICA
Extensión 177 p. :
Otras características físicas il., retrs. ;
Dimensiones 22 cm.
505 0# - NOTA DE CONTENIDO CON FORMATO
Título Discurso de apertura /
Mención de responsabilidad José Florentino --
Título Proceso de modernización de Estado dominicano /
Mención de responsabilidad Manuel José Cabral, comentarios de César Miquel, Héctor Castro Noboa y Eduardo Latorre, preguntas y respuestas --
Título La privatización en el proceso de modernización del Estado /
Mención de responsabilidad Carlos Despradel, comentario de José Israel Cuello, Andrés Dauhje hijo y Dario Árias preguntas y respuestas --
Título La empresa privada y el proceso de democratización en América Latina /
Mención de responsabilidad Eduardo Gamarra --
Título Organización y administración del estado moderno /
Mención de responsabilidad Luís Augusto Ginebra Hernández, comentarios de Guillermo Amore, Maritza Amelia Guerrero y Camilo Lluberes --
Título Libre empresa y alternativa óptima para la modernización de Estado Frank A. Tejada C. --
-- Anexos --
-- Discurso de clausura /
Mención de responsabilidad Felipe Mendoza
590 ## - NOTA LOCAL (RLIN)
Nota local Inventariado, 2018/BT
650 #4 - PUNTO DE ACCESO ADICIONAL DE MATERIA--TÉRMINO DE MATERIA
Término de materia o nombre geográfico como elemento de entrada Empresas estatales
Subdivisión geográfica República Dominicana
9 (RLIN) 12064
Subdivisión de forma Congresos, conferencias, etc.
650 #4 - PUNTO DE ACCESO ADICIONAL DE MATERIA--TÉRMINO DE MATERIA
Término de materia o nombre geográfico como elemento de entrada Política industrial
9 (RLIN) 36422
Subdivisión de forma Congresos, conferencias, etc.
650 #4 - PUNTO DE ACCESO ADICIONAL DE MATERIA--TÉRMINO DE MATERIA
Término de materia o nombre geográfico como elemento de entrada Reforma del estado
9 (RLIN) 36423
Subdivisión de forma Congresos, conferencias, etc.
651 #4 - PUNTO DE ACCESO ADICIONAL DE MATERIA--NOMBRE GEOGRÁFICO
Nombre geográfico República Dominicana
Subdivisión general Congresos, Conferencias, Etc.
Subdivisión geográfica Condiciones Económicas
Subdivisión cronológica 1961
Subdivisión general Congresos, Conferencias, Etc.
9 (RLIN) 36424
710 2# - PUNTO DE ACCESO ADICIONAL--NOMBRE DE ENTIDAD CORPORATIVA
Nombre de entidad corporativa o nombre de jurisdicción como elemento de entrada Asociación Nacional de Jóvenes Empresarios (República Dominicana)
9 (RLIN) 18693
910 ## - DATOS DE OPCIÓN DEL USUARIO (OCLC)
Datos de opción del usuario Validado. Control de calidad. MFF
942 ## - ELEMENTOS DE PUNTO DE ACCESO ADICIONAL (KOHA)
Fuente del sistema de clasificación o colocación Dewey Decimal Classification
Tipo de ítem Koha Libro
Holdings
Estado de retiro Estado de pérdida No para préstamo Código de colección Localización permanente Ubicación/localización actual Ubicación en estantería Fecha de adquisición Número de inventario Total de préstamos Signatura topográfica completa Código de barras Fecha visto por última vez Precio válido a partir de Tipo de ítem Koha Número de copia
    Excluido de préstamo Patrimonio Dominicano Patrimonio Dominicano Patrimonio Dominicano Depósito 03.03.2010 LF1   352.367 M828s 16320-10 25.06.2020 25.06.2020 Libro y Folleto Colección Patrimonio Dominicano  
  Extraviado Excluido de préstamo Patrimonio Dominicano Patrimonio Dominicano Patrimonio Dominicano Extraviado 27.01.2011 LF1   352.367 M828s 16320-20 25.06.2020 25.06.2020 Libro y Folleto Colección Patrimonio Dominicano e.2

Powered by Koha